[Event "IRI-chT 17th"]
[Site "Rasht"]
[Date "2018.11.01"]
[Round "3.1"]
[White "Esmaeili, Sanaz"]
[Black "Asghari, Mitra"]
[Result "1-0"]
[WhiteElo "1835"]
[BlackElo "1625"]
[PlyCount "79"]
[EventDate "2018.10.31"]
[EventType "team-swiss"]
[EventRounds "7"]
[EventCountry "IRI"]
[SourceTitle "CBM 187 Extra"]
[Source "ChessBase"]
[SourceDate "2018.11.04"]
[SourceVersion "1"]
[SourceVersionDate "2018.11.04"]
[SourceQuality "1"]
[WhiteTeam "Daneshgah Azad"]
[BlackTeam "Heyat Shatranj Larestan"]
[WhiteTeamCountry "IRI"]
[BlackTeamCountry "IRI"]

1. e4 g6 2. d4 Bg7 3. Nc3 c5 4. Be3 Qa5 5. Nge2 Nf6 6. f3 cxd4 7. Nxd4 Nc6 8. Nb3 Qd8 9. Qd2 0-0 10. Be2 d6 11. g4 a6 12. h4 h5 13. Rg1 Be6 14. gxh5 Nxh5 15. f4 b5 16. Bxh5 gxh5 17. f5 Ne5 18. Qg2 Ng4 19. fxe6 fxe6 20. 0-0-0 Rf7 21. Qd2 Kh7 22. Kb1 Rc8 23. Nd4 Qb6 24. Rxg4 hxg4 25. Nxe6 Qb7 26. Ng5+ Kg8 27. Nxf7 Kxf7 28. Rf1+ Kg6 29. Bd4 Bh6 30. Qf2 Rf8 31. h5+ Kh7 32. Qe2 e5 33. Bg1 Rxf1+ 34. Qxf1 Bf4 35. Nd5 Qf7 36. Be3 Qxh5 37. Nxf4 exf4 38. Bxf4 Qg6 39. e5 d5 40. Qd3 1-0

[Event "Yerevan op 2nd"]
[Site "Yerevan"]
[Date "2017.09.27"]
[Round "9"]
[White "Asghari, Mitra"]
[Black "Yedigaryan, Asya"]
[Result "1-0"]
[WhiteElo "1673"]
[BlackElo "1499"]
[PlyCount "31"]
[EventDate "2017.09.19"]
[EventType "swiss"]
[EventRounds "9"]
[EventCountry "ARM"]
[SourceTitle "EXT 2018"]
[Source "ChessBase"]
[SourceDate "2017.10.13"]
[SourceVersion "1"]
[SourceVersionDate "2017.10.13"]
[SourceQuality "1"]

1. e4 c5 2. Nc3 Nc6 3. f4 d6 4. Nf3 g6 5. Bb5 Bg7 6. Bxc6+ bxc6 7. 0-0 Nf6 8. d3 0-0 9. Qe1 Rb8 10. Qh4 Bd7 11. f5 Rb4 12. Bh6 Rxb2 13. Ng5 Be8 14. fxg6 hxg6 15. Rxf6 Bxf6 16. Bg7 1-0

[Event "Yerevan op 2nd"]
[Site "Yerevan"]
[Date "2017.09.26"]
[Round "8"]
[White "Petrosyan, Sahak"]
[Black "Asghari, Mitra"]
[Result "1-0"]
[WhiteElo "1824"]
[BlackElo "1673"]
[PlyCount "103"]
[EventDate "2017.09.19"]
[EventType "swiss"]
[EventRounds "9"]
[EventCountry "ARM"]
[SourceTitle "EXT 2018"]
[Source "ChessBase"]
[SourceDate "2017.10.13"]
[SourceVersion "1"]
[SourceVersionDate "2017.10.13"]
[SourceQuality "1"]

1. e4 g6 2. d4 Bg7 3. Nc3 c5 4. Be3 Nc6 5. Nf3 cxd4 6. Nxd4 d6 7. Be2 Nf6 8. 0-0 0-0 9. Kh1 Bg4 10. f3 Bd7 11. Nb3 Qc8 12. Bg5 h6 13. Bh4 a6 14. Nd5 g5 15. Nb6 Qd8 16. Bf2 Rb8 17. a4 Be8 18. a5 Nd7 19. c3 Nxa5 20. Nxd7 Nxb3 21. Nxb8 Nxa1 22. Nxa6 bxa6 23. Bxa6 Qa5 24. Qxa1 Qxa1 25. Rxa1 Bc6 26. Bd3 Ra8 27. Rxa8+ Bxa8 28. Bd4 Bxd4 29. cxd4 Kf8 30. Kg1 Ke8 31. g3 Kd8 32. Kf2 f6 33. Ke3 e5 34. f4 Bb7 35. fxg5 fxg5 36. Bc4 Kc7 37. Be6 Kd8 38. dxe5 dxe5 39. Kd3 Ke7 40. Bd5 Ba6+ 41. Bc4 Bb7 42. Bd5 Ba6+ 43. Kc3 Kd6 44. Kb4 Bd3 45. Ka5 Kc5 46. b4+ Kd4 47. b5 Bxb5 48. Kxb5 Ke3 49. Kc5 Kf2 50. Kd6 Kg2 51. Kxe5 Kxh2 52. g4 1-0

[Event "Yerevan op 2nd"]
[Site "Yerevan"]
[Date "2017.09.23"]
[Round "5"]
[White "Asghari, Mitra"]
[Black "Hovyan, Nikolay"]
[Result "1/2-1/2"]
[WhiteElo "1673"]
[BlackElo "1414"]
[PlyCount "58"]
[EventDate "2017.09.19"]
[EventType "swiss"]
[EventRounds "9"]
[EventCountry "ARM"]
[SourceTitle "CBM 180 Extra"]
[Source "ChessBase"]
[SourceDate "2017.10.06"]
[SourceVersion "1"]
[SourceVersionDate "2017.10.06"]
[SourceQuality "1"]

1. Nf3 Nf6 2. g3 g6 3. Bg2 Bg7 4. 0-0 0-0 5. c4 d5 6. cxd5 Nxd5 7. Nc3 Nxc3 8. bxc3 c5 9. Ba3 Qa5 10. Qb3 Nc6 11. Bb2 Rb8 12. c4 Nd4 13. Nxd4 cxd4 14. d3 Be6 15. a4 Qc7 16. Bc1 a6 17. Bf4 Be5 18. Bxe5 Qxe5 19. Qc2 Rfc8 20. Qd2 b5 21. cxb5 axb5 22. a5 Bd5 23. Qf4 Qxf4 24. gxf4 Bxg2 25. Kxg2 Rc2 26. Kf3 f5 27. a6 Ra8 28. Rfb1 Rc6 29. Rxb5 Raxa6 1/2-1/2

[Event "Yerevan op 2nd"]
[Site "Yerevan"]
[Date "2017.09.19"]
[Round "1"]
[White "Asghari, Mitra"]
[Black "Sargissyan, Sargis"]
[Result "0-1"]
[WhiteElo "1673"]
[BlackElo "2295"]
[PlyCount "76"]
[EventDate "2017.09.19"]
[EventType "swiss"]
[EventRounds "9"]
[EventCountry "ARM"]
[SourceTitle "CBM 180 Extra"]
[Source "ChessBase"]
[SourceDate "2017.10.06"]
[SourceVersion "1"]
[SourceVersionDate "2017.10.06"]
[SourceQuality "1"]

1. e4 c5 2. Nc3 a6 3. f4 b5 4. g3 Bb7 5. Bg2 e6 6. b3 d5 7. exd5 exd5 8. d4 Nf6 9. Bb2 Nbd7 10. Nf3 Be7 11. 0-0 c4 12. Ne5 b4 13. Nxd5 Nxd5 14. Nxf7 Kxf7 15. Qh5+ Kf8 16. Bxd5 Bxd5 17. Qxd5 c3 18. Bc1 Nf6 19. Qc4 Qd5 20. Be3 Kf7 21. Rfd1 Rhc8 22. Qe2 h5 23. Bf2 Bd6 24. Rd3 Re8 25. Qf1 Ne4 26. Be3 Nf6 27. Re1 Bc7 28. a3 a5 29. a4 Bb6 30. Bf2 Rxe1 31. Qxe1 Re8 32. Qd1 Ng4 33. f5 Kg8 34. Be1 Bxd4+ 35. Rxd4 Rxe1+ 36. Qxe1 Qxd4+ 37. Kf1 Nxh2+ 38. Kg2 Qd2+ 0-1

[Event "Qazvin op (Women) 18th"]
[Site "Qazvin"]
[Date "2015.08.16"]
[Round "4"]
[White "Naghavi, Atefeh"]
[Black "Asghari, Mitra"]
[Result "1/2-1/2"]
[WhiteElo "1523"]
[BlackElo "1744"]
[PlyCount "125"]
[EventDate "2015.08.14"]
[EventType "swiss"]
[EventRounds "11"]
[EventCountry "IRI"]
[SourceTitle "EXT 2016"]
[Source "ChessBase"]
[SourceDate "2015.10.08"]
[SourceVersion "1"]
[SourceVersionDate "2015.10.08"]
[SourceQuality "1"]

1. d4 Nf6 2. c4 g6 3. Nc3 Bg7 4. e4 d6 5. Nf3 0-0 6. Be2 e5 7. dxe5 dxe5 8. Qxd8 Rxd8 9. Bg5 c6 10. Nxe5 Re8 11. 0-0-0 Be6 12. Rhe1 Na6 13. Nf3 Nc7 14. h3 a6 15. Bf1 b5 16. e5 Nd7 17. Ne4 bxc4 18. Nd6 Reb8 19. Bxc4 Nb6 20. Bxe6 Nxe6 21. Be3 Nd5 22. Kb1 Nc3+ 23. Kc2 Nxd1 24. Rxd1 f6 25. Nc4 Rd8 26. Re1 fxe5 27. Nfxe5 Nd4+ 28. Kc1 c5 29. b3 a5 30. Bxd4 cxd4 31. Nc6 Re8 32. Rxe8+ Rxe8 33. N6xa5 Re2 34. b4 Bh6+ 35. Kb1 d3 36. b5 Re1+ 37. Kb2 d2 38. Nxd2 Bxd2 39. Nc6 Bf4 40. a4 Kf7 41. a5 Re2+ 42. Kb3 Rxf2 43. b6 Rxg2 44. a6 Rg3+ 45. Ka4 Rg1 46. a7 Be3 47. Ka5 Bxb6+ 48. Kxb6 Ra1 49. Kb7 Ke6 50. a8Q Rxa8 51. Kxa8 Kf5 52. Nd4+ Ke5 53. Nc6+ Kf4 54. Nd4 Kg3 55. Ne6 h6 56. Kb7 g5 57. Kc6 Kxh3 58. Kd5 g4 59. Ke4 Kg3 60. Ng7 Kf2 61. Kf5 Kg3 62. Nh5+ Kh4 63. Kg6 1/2-1/2

[Event "IRI-ch (Women)"]
[Site "Tehran"]
[Date "2014.12.15"]
[Round "10"]
[White "Asghari, Mitra"]
[Black "Khalili, Atieh"]
[Result "1/2-1/2"]
[WhiteElo "1759"]
[BlackElo "1740"]
[PlyCount "106"]
[EventDate "2014.12.07"]
[EventType "swiss"]
[EventRounds "11"]
[EventCountry "IRI"]
[SourceTitle "CBM 163 Extra"]
[Source "ChessBase"]
[SourceDate "2014.12.23"]
[SourceVersion "1"]
[SourceVersionDate "2014.12.23"]
[SourceQuality "1"]

1. e4 e6 2. d4 d5 3. Nc3 dxe4 4. Nxe4 Nd7 5. Nf3 Ngf6 6. Bg5 Be7 7. Nxf6+ Nxf6 8. Bd3 0-0 9. Qe2 c5 10. dxc5 Qa5+ 11. c3 Qxc5 12. 0-0-0 Rd8 13. h4 Bd7 14. Ne5 Be8 15. g4 b5 16. f4 a5 17. Qc2 h6 18. Bxh6 gxh6 19. g5 Nd7 20. Nxd7 Rxd7 21. gxh6 Qe3+ 22. Kb1 Bf6 23. Qg2+ Kf8 24. Qxa8 Rxd3 25. Qxa5 Rxd1+ 26. Rxd1 Qe4+ 27. Ka1 Qxf4 28. Qb4+ Qxb4 29. cxb4 Kg8 30. Rc1 Bxh4 31. h7+ Kxh7 32. Rh1 Kg6 33. Rxh4 f5 34. Kb1 e5 35. Rh8 Bf7 36. Rb8 Bc4 37. b3 Bd3+ 38. Kc1 f4 39. Kd2 e4 40. a4 bxa4 41. bxa4 Bc4 42. Re8 e3+ 43. Rxe3 fxe3+ 44. Kxe3 Kf6 45. Kd4 Bb3 46. a5 Ke6 47. Kc5 Kd7 48. a6 Kc7 49. b5 Ba4 50. b6+ Kb8 51. Kd6 Bc2 52. Kc6 Be4+ 53. Kb5 Bf3 1/2-1/2

[Event "IRI-ch (Women)"]
[Site "Tehran"]
[Date "2014.12.11"]
[Round "7"]
[White "Asghari, Mitra"]
[Black "Majidi, Kimia"]
[Result "1/2-1/2"]
[WhiteElo "1759"]
[BlackElo "1813"]
[PlyCount "65"]
[EventDate "2014.12.07"]
[EventType "swiss"]
[EventRounds "11"]
[EventCountry "IRI"]
[SourceTitle "CBM 163 Extra"]
[Source "ChessBase"]
[SourceDate "2014.12.23"]
[SourceVersion "1"]
[SourceVersionDate "2014.12.23"]
[SourceQuality "1"]

1. e4 e6 2. d4 d5 3. Nc3 Nf6 4. Bg5 dxe4 5. Nxe4 Be7 6. Nxf6+ Bxf6 7. Bxf6 Qxf6 8. Nf3 0-0 9. c3 b6 10. Bd3 Bb7 11. Qc2 h6 12. Be4 Bxe4 13. Qxe4 Nd7 14. Qc6 Qd8 15. 0-0 Nf6 16. Ne5 Qd6 17. Rfe1 Rad8 18. Re2 Nd5 19. Qxd6 cxd6 20. Nf3 Rc8 21. Rae1 b5 22. Nd2 Rc6 23. g3 Rfc8 24. f4 Nb6 25. Kf2 a5 26. g4 b4 27. cxb4 axb4 28. f5 exf5 29. gxf5 Rc2 30. Ne4 d5 31. Nc5 Rxe2+ 32. Rxe2 Ra8 33. b3 1/2-1/2